000
00183 a2200097 4500
020
_a
9780140307047
041
_a
eng
100
_a
Roald Dahl
245
_a
The magic finger
942
_c
K
999
_c
26723
_d
26723